Learning Resource and Development

Modern masonry : (Record no. 29075)

MARC details
000 -LEADER
fixed length control field 02207nam a2200301 i 4500
003 - CONTROL NUMBER IDENTIFIER
control field CSPC
005 - DATE AND TIME OF LATEST TRANSACTION
control field 20251008175553.0
008 - FIXED-LENGTH DATA ELEMENTS--GENERAL INFORMATION
fixed length control field 250310s2022 nyua 001 0 eng d
020 ## - INTERNATIONAL STANDARD BOOK NUMBER
International Standard Book Number 9781641725484
040 ## - CATALOGING SOURCE
Transcribing agency CSPC
Original cataloging agency CSPC
Language of cataloging eng
Description conventions rda
050 #4 - LIBRARY OF CONGRESS CALL NUMBER
Classification number TH1199
Item number .M63
082 04 - DEWEY DECIMAL CLASSIFICATION NUMBER
Classification number 693.1
Item number J415m
Edition number 23
100 1# - MAIN ENTRY--PERSONAL NAME
Personal name Jenkins, Alison,
Relator term author.
245 10 - TITLE STATEMENT
Title Modern masonry :
Remainder of title a step-by-step guide /
Statement of responsibility, etc. Alison Jenkins.
264 #1 - PRODUCTION, PUBLICATION, DISTRIBUTION, MANUFACTURE, AND COPYRIGHT NOTICE
Place of production, publication, distribution, manufacture New York, NY :
Name of producer, publisher, distributor, manufacturer Larsen & Keller,
Date of production, publication, distribution, manufacture, or copyright notice 2022.
300 ## - PHYSICAL DESCRIPTION
Extent vi, 235 pages :
Other physical details color illustrations ;
Dimensions 27 cm.
336 ## - CONTENT TYPE
Content type term text
Source rdacontent
337 ## - MEDIA TYPE
Media type term unmediated
Source rdamedia
338 ## - CARRIER TYPE
Carrier type term volume
Source rdacarrier
500 ## - GENERAL NOTE
General note Includes index.
505 0# - FORMATTED CONTENTS NOTE
Formatted contents note Introduction to masonry -- Masonry tools and techniques -- Brickwork and stone masonry -- Cleaning of bricks and stones -- Cutting stone.
520 ## - SUMMARY, ETC.
Summary, etc. "A form of construction for building long-lasting structures from separate units that are usually bound together by mortar is known as masonry. It utilizes materials such as bricks, granite, cast stone, marble, limestone, glass blocks, concrete blocks, etc. A skilled mason or bricklayer can immensely improve the durability of the construction by focusing on the mortar's quality, the materials used, and by emphasizing on the workmanship. Utilizing the right materials in masonry has implications in terms of increasing the thermal mass of building, affording fire-protection, as well as resistance to projectiles, including debris from tornadoes or hurricanes. Various external factors, such as extreme weather and strong oscillations, such as due to earthquakes, have to be taken into consideration while designing structures. This book is a compilation of chapters that discuss the most vital concepts in the field of masonry. It outlines the techniques and applications of modern masonry in detail. The book is appropriate for those seeking detailed information in this area." -- Back cover
650 #0 - SUBJECT ADDED ENTRY--TOPICAL TERM
Topical term or geographic name entry element Masonry.
650 #0 - SUBJECT ADDED ENTRY--TOPICAL TERM
Topical term or geographic name entry element Masonry
General subdivision Amateurs' manuals.
650 #0 - SUBJECT ADDED ENTRY--TOPICAL TERM
Topical term or geographic name entry element Do-it-yourself work.
942 ## - ADDED ENTRY ELEMENTS (KOHA)
Source of classification or shelving scheme Dewey Decimal Classification
Suppress in OPAC No
Koha item type Books
Classification part 693.1
Call number prefix ENG
Call number suffix 2022
Edition 23
Holdings
Withdrawn status Lost status Source of classification or shelving scheme Damaged status Not for loan Home library Current library Shelving location Date acquired Total Checkouts Full call number Barcode Date last seen Copy number Price effective from Koha item type
    Dewey Decimal Classification     Main Library Main Library Engineering Section 03/10/2025   ENG 693.1 J415m 2022 029126 03/10/2025 1-2 03/10/2025 Books
    Dewey Decimal Classification     Main Library Main Library Engineering Section 10/08/2025   ENG 693.1 J415m 2022 030434 10/08/2025 2-2 10/08/2025 Books